000 00880nam a2200241Ia 4500
003 OSt
005 20220923225306.0
006 a|||||r|||| 00| 0
007 ta
008 220922b |||||||| |||| 00| 0 hin d
024 _a262,162
037 _cTextual
040 _aARTS
_cARTS
_bhin
041 _2hin
_ahin
082 _aO152(Q3)v, K6
100 _aमेेहता, मोहनलाल
_9156271
245 0 _aजैन साहित्य का बृहत इतिहास
246 _aJain sāhitya kā bṛuhat itihāsa
260 _aवाराणसी
_b पार्श्वनाथ विद्याश्रम शोध संस्थान
_c1966
650 _aहिन्दी साहित्य
_9156264
942 _hO152(Q3)v, K6
_cTEXL
_2CC
999 _c377287
_d377287